|
|
|
|
| LEADER |
00000caa a22000002c 4500 |
| 001 |
1640137130 |
| 003 |
DE-627 |
| 005 |
20220608131225.0 |
| 007 |
tu |
| 008 |
160223s1992 xx ||||| 00| ||eng c |
| 035 |
|
|
|a (DE-627)1640137130
|
| 035 |
|
|
|a (DE-576)456060251
|
| 035 |
|
|
|a (DE-599)BSZ456060251
|
| 040 |
|
|
|a DE-627
|b ger
|c DE-627
|e rakwb
|
| 041 |
|
|
|a eng
|
| 100 |
1 |
|
|a Straus, M. A.
|4 aut
|
| 245 |
1 |
0 |
|a Sociological Research and Social Policy - The Case of Family Violence
|c M.A Straus
|
| 264 |
|
1 |
|c 1992
|
| 336 |
|
|
|a Text
|b txt
|2 rdacontent
|
| 337 |
|
|
|a ohne Hilfsmittel zu benutzen
|b n
|2 rdamedia
|
| 338 |
|
|
|a Band
|b nc
|2 rdacarrier
|
| 773 |
0 |
8 |
|i In
|t Sociological forum
|d Malden, Mass. : Blackwell Publishing, 1986
|g 7(1992), 2, Seite 211-238
|w (DE-627)16662425X
|w (DE-600)233998-5
|w (DE-576)038676915
|x 0884-8971
|7 nnas
|
| 773 |
1 |
8 |
|g volume:7
|g year:1992
|g number:2
|g pages:211-238
|
| 935 |
|
|
|a mkri
|
| 951 |
|
|
|a AR
|
| ELC |
|
|
|b 1
|
| LOK |
|
|
|0 000 xxxxxcx a22 zn 4500
|
| LOK |
|
|
|0 001 3301495737
|
| LOK |
|
|
|0 003 DE-627
|
| LOK |
|
|
|0 004 1640137130
|
| LOK |
|
|
|0 005 20160223101211
|
| LOK |
|
|
|0 008 160208||||||||||||||||ger|||||||
|
| LOK |
|
|
|0 040
|a DE-21-110
|c DE-627
|d DE-21-110
|
| LOK |
|
|
|0 689
|a s
|a Gewalt in der Familie
|
| LOK |
|
|
|0 852
|z Kein Bestand am IfK; Nachweis für KrimDok
|
| LOK |
|
|
|0 852
|a DE-21-110
|
| LOK |
|
|
|0 852 1
|m v
|9 00
|
| LOK |
|
|
|0 935
|a k110
|
| LOK |
|
|
|0 938
|k v
|
| LOK |
|
|
|0 939
|a 08-02-16
|b l01
|
| ORI |
|
|
|a SA-MARC-krimdoka001.raw
|